110 câu hỏi về thừa kế theo bộ luật dân sự

Salvato in:
Dettagli Bibliografici
Autore principale: LÊ KIM QUẾ
Natura: Libro
Lingua:Undetermined
Pubblicazione: CTQG 2001
Tags: Aggiungi Tag
Nessun Tag, puoi essere il primo ad aggiungerne! !
Thư viện lưu trữ: Trung tâm Học liệu Trường Đại học Cần Thơ
LEADER 00434nam a2200145Ia 4500
001 CTU_46751
008 210402s9999 xx 000 0 und d
082 |a 346.59705 
082 |b Qu250/2001 
100 |a LÊ KIM QUẾ 
245 0 |a 110 câu hỏi về thừa kế theo bộ luật dân sự 
245 0 |c LÊ KIM QUẾ 
260 |b CTQG 
260 |c 2001 
980 |a Trung tâm Học liệu Trường Đại học Cần Thơ